000 00430nam a2200181Ia 4500
005 20250423094907.0
008 250422s9999 xx 000 0 und d
020 _a978-81-203-1954-7
050 _aTJ 213 .B36/
100 _aBanyopadhyay, N.N.
245 0 _aControl engineering : theory and practice
260 _aNew Delhi
260 _bPrentice Hall
260 _c2008
300 _a599 p
650 _aEE
942 _cBK
999 _c28613
_d28613